Southville International School and Colleges
Your cart is empty.
  • Cart
  • Lists
    Public lists Eva Luna New books Lux_list list_1
    Your lists Log in to create your own lists
  • Log in to your account
  • Your cookies
  • Search history
Southville International School and Colleges
  • Advanced search
  • Recent comments
  • Most popular
  • Libraries

Log in to your account

Log in with GOOGLE


If you do not have an external account, but do have a local account, you can still log in:

  1. Home
  2. MARC view: The camping trip that changed America :
Normal view MARC view ISBD view

The camping trip that changed America : (Record no. 342168)

[ view plain ]
MARC details
000 -LEADER
fixed length control field 00579nam a2200205Ia 4500
008 - FIXED-LENGTH DATA ELEMENTS--GENERAL INFORMATION
fixed length control field 170918s9999 xx 000 0 und d
020 ## - INTERNATIONAL STANDARD BOOK NUMBER
International Standard Book Number 9780545569910
050 ## - LIBRARY OF CONGRESS CALL NUMBER
Item number R815 2012
100 ## - MAIN ENTRY--PERSONAL NAME
Personal name Rosenstock, Barb
245 #4 - TITLE STATEMENT
Title The camping trip that changed America :
245 ## - TITLE STATEMENT
Remainder of title Theodore Roosenvelt, John Muir, and our National Parks /
245 ## - TITLE STATEMENT
Statement of responsibility, etc Barb Rosenstock ; illustrated by Mordicai Gerstein.
260 ## - PUBLICATION, DISTRIBUTION, ETC. (IMPRINT)
Place of publication, distribution, etc New York :
260 ## - PUBLICATION, DISTRIBUTION, ETC. (IMPRINT)
Name of publisher, distributor, etc Scholastic,
260 ## - PUBLICATION, DISTRIBUTION, ETC. (IMPRINT)
Date of publication, distribution, etc 2012
300 ## - PHYSICAL DESCRIPTION
Extent unpaged :
300 ## - PHYSICAL DESCRIPTION
Other physical details colored illustration ;
300 ## - PHYSICAL DESCRIPTION
Dimensions 28cm.
500 ## - GENERAL NOTE
General note 740
Holdings
Withdrawn status Lost status Damaged status Home library Current library Date acquired Total Checkouts Full call number Barcode Date last seen Price effective from Koha item type
      Stonyhurst Southville International School (Malarayat) Stonyhurst Southville International School (Malarayat) 09/18/2017   LEX R815 2012 SSISM1240 09/18/2017 09/18/2017 Lexile

The camping trip that changed America :

APA

Rosenstock B., .The camping trip that changed America. New York: .

Chicago

Rosenstock Barb, .The camping trip that changed America. New York: .

Harvard

Rosenstock B., .The camping trip that changed America. New York: .

MLA

Rosenstock Barb, .New York: . .

  • Place hold
  • Print
  • Cite
  • Add to your cart (remove)
  • Save record
    BIBTEX Dublin Core MARCXML MARC (non-Unicode/MARC-8) MARC (Unicode/UTF-8) MARC (Unicode/UTF-8, Standard) MODS (XML) RIS
  • More searches
    Search for this title in:
    Other Libraries (WorldCat) Other Databases (Google Scholar) Online Stores (Bookfinder.com) Open Library (openlibrary.org)

Exporting to Dublin Core...

SOUTHVILLE LIBRARY

Southville International School and Colleges Library

1281 Tropical Ave. Cor. Luxembourg St., BF Homes International, Las Pinas City

Tel. No. 8256374 / 252358 Loc. 117/146

Powered by Koha